[Event "Mittelfranken Landesliga Nord 2223"]
[Site "Mittelfranken"]
[Date "2023.04.23"]
[Round "9.4"]
[White "Kreuzer, Helmut"]
[Black "Grabert, Ralf"]
[Result "1/2-1/2"]
[WhiteElo "2096"]
[BlackElo "2112"]
[PlyCount "87"]
[EventDate "2022.10.09"]
[EventType "team-tourn"]
[EventRounds "9"]
[EventCountry "GER"]
[SourceTitle "EXT 2024"]
[Source "ChessBase"]
[SourceDate "2023.10.10"]
[SourceVersion "1"]
[SourceVersionDate "2023.10.10"]
[SourceQuality "1"]
[WhiteTeam "Kelheim"]
[BlackTeam "Kareth Lappersdorf"]
[WhiteTeamCountry "GER"]
[BlackTeamCountry "GER"]

1. d4 Nf6 2. Nf3 e6 3. Bg5 Be7 4. e3 c5 5. c3 b6 6. Bd3 Ba6 7. Bxa6 Nxa6 8. Nbd2 0-0 9. 0-0 Qc7 10. Qe2 Qb7 11. e4 h6 12. Bh4 d6 13. Rfe1 Nb8 14. Rad1 Rd8 15. Nc4 d5 16. exd5 Nxd5 17. dxc5 Bxh4 18. Nxh4 bxc5 19. Nf3 Nc6 20. g3 Rab8 21. Rd2 Nf6 22. Red1 Qc7 23. Rxd8+ Rxd8 24. Rxd8+ Qxd8 25. Qd2 Nd5 26. Qd3 Qf6 27. Qe4 g6 28. Kg2 Qe7 29. Kg1 Qc7 30. Qe2 Nb6 31. Nfd2 Nxc4 32. Nxc4 Qd7 33. h4 Qd5 34. b3 Kg7 35. Ne3 Qe4 36. Qc2 Qf3 37. Qd3 Ne5 38. Qd6 Qe4 39. Qxc5 Nf3+ 40. Kf1 Qb1+ 41. Kg2 Qe4 42. Kf1 Qb1+ 43. Kg2 Qe4 44. Kf1 1/2-1/2

[Event "Landesliga Nord 1920"]
[Site "Bayern"]
[Date "2019.11.10"]
[Round "2.4"]
[White "Grabert, Ralf"]
[Black "Seidens, Udo"]
[Result "1-0"]
[WhiteElo "2144"]
[BlackElo "2086"]
[PlyCount "65"]
[EventDate "2019.09.29"]
[EventType "team-tourn"]
[EventRounds "9"]
[EventCountry "GER"]
[SourceTitle "EXT 2021"]
[Source "ChessBase"]
[SourceDate "2020.10.23"]
[SourceVersion "1"]
[SourceVersionDate "2020.10.23"]
[SourceQuality "1"]
[WhiteTeam "Kareth Lappersdorf"]
[BlackTeam "Schweinfurt"]
[WhiteTeamCountry "GER"]
[BlackTeamCountry "GER"]

1. Nf3 d5 2. c4 Nf6 3. e3 c5 4. d4 e6 5. Nc3 Nc6 6. a3 cxd4 7. exd4 Be7 8. Bd3 dxc4 9. Bxc4 0-0 10. 0-0 b6 11. Be3 Nd5 12. Qd3 Nxe3 13. fxe3 Bb7 14. Rac1 a6 15. Ba2 Bf6 16. Ne4 Be7 17. Bb1 f5 18. Nc3 Bf6 19. Ba2 Ne5 20. Nxe5 Bxe5 21. Bxe6+ Kh8 22. Bxf5 Bd6 23. Bh3 Qh4 24. Rxf8+ Rxf8 25. Rf1 g5 26. Rxf8+ Bxf8 27. Qf1 Qh6 28. Bg4 Bd6 29. g3 Kg7 30. e4 b5 31. Qf5 Bc6 32. Qc8 Qf6 33. e5 1-0

[Event "Oberliga Bayern 1819"]
[Site "Bayern"]
[Date "2018.12.16"]
[Round "4.4"]
[White "Grabert, Ralf"]
[Black "Ganaus, Hannes"]
[Result "1/2-1/2"]
[WhiteElo "2192"]
[BlackElo "2256"]
[PlyCount "84"]
[EventDate "2018.10.21"]
[EventType "team-tourn"]
[EventRounds "9"]
[EventCountry "GER"]
[SourceTitle "EXT 2020"]
[Source "ChessBase"]
[SourceDate "2019.10.17"]
[SourceVersion "1"]
[SourceVersionDate "2019.10.17"]
[SourceQuality "1"]
[WhiteTeam "Kareth Lappersdorf"]
[BlackTeam "Regensburg Bavaria"]
[WhiteTeamCountry "GER"]
[BlackTeamCountry "GER"]

1. Nf3 Nf6 2. e3 g6 3. c4 Bg7 4. Nc3 0-0 5. d4 c6 6. Be2 d5 7. 0-0 b6 8. b3 Bb7 9. Ba3 Nbd7 10. Rc1 a6 11. Ne5 Nxe5 12. dxe5 Ne4 13. cxd5 Nxc3 14. Rxc3 Bxe5 15. dxc6 Bxc3 16. cxb7 Rb8 17. Qxd8 Rfxd8 18. Bxa6 Kf8 19. Rc1 Be5 20. Rc8 g5 21. Kf1 h5 22. h3 f6 23. Ke2 Kf7 24. Bb4 Ke6 25. Rc6+ Bd6 26. Rxb6 Kd7 27. a4 Bxb4 28. Rxb4 Kc7 29. a5 Rd6 30. Rc4+ Rc6 31. Kd3 Rd8+ 32. Kc3 Rxc4+ 33. Bxc4 Kxb7 34. b4 Kc6 35. Be2 h4 36. f4 gxf4 37. exf4 e5 38. fxe5 fxe5 39. Bd3 Rf8 40. Be4+ Kb5 41. Bd3+ Kc6 42. Be4+ Kb5 1/2-1/2

[Event "Oberliga Bayern 1819"]
[Site "Bayern"]
[Date "2018.11.11"]
[Round "2.2"]
[White "Grabert, Ralf"]
[Black "Delchev, Aleksander"]
[Result "1/2-1/2"]
[WhiteElo "2192"]
[BlackElo "2552"]
[PlyCount "84"]
[EventDate "2018.10.21"]
[EventType "team-tourn"]
[EventRounds "9"]
[EventCountry "GER"]
[SourceTitle "EXT 2020"]
[Source "ChessBase"]
[SourceDate "2019.10.17"]
[SourceVersion "1"]
[SourceVersionDate "2019.10.17"]
[SourceQuality "1"]
[WhiteTeam "Kareth Lappersdorf"]
[BlackTeam "Deggendorf"]
[WhiteTeamCountry "GER"]
[BlackTeamCountry "GER"]

1. Nf3 c5 2. e3 g6 3. c4 Bg7 4. Nc3 Nf6 5. Be2 0-0 6. 0-0 d5 7. cxd5 Nxd5 8. Qb3 Nb4 9. a3 N4c6 10. Rd1 Na5 11. Qd5 Qxd5 12. Nxd5 Nbc6 13. Rb1 Rd8 14. e4 Nb3 15. Bc4 Nxc1 16. Rdxc1 Bg4 17. Ne1 Kf8 18. h3 Bd7 19. b4 e6 20. Ne3 cxb4 21. axb4 Be8 22. b5 Na5 23. Nf3 Rac8 24. e5 Bh6 25. Bf1 Rxc1 26. Rxc1 Nb3 27. Rc7 Nxd2 28. Nxd2 Rxd2 29. Nc4 Rd7 30. Rc8 Bg5 31. Nd6 Rd8 32. Rxd8 Bxd8 33. Nxb7 Bb6 34. Nd6 Bd7 35. Ne4 h6 36. Kh2 g5 37. Kg3 Bc7 38. f4 gxf4+ 39. Kxf4 f5 40. Nf6 Be8 41. g4 fxg4 42. hxg4 Ba5 1/2-1/2

[Event "Oberliga Bayern 1617"]
[Site "Bayern"]
[Date "2017.04.02"]
[Round "8.8"]
[White "Oechslein, Rainer"]
[Black "Grabert, Ralf"]
[Result "1-0"]
[WhiteElo "2161"]
[BlackElo "2085"]
[PlyCount "73"]
[EventDate "2016.10.16"]
[EventType "team-tourn"]
[EventRounds "9"]
[EventCountry "GER"]
[SourceTitle "EXT 2019"]
[Source "ChessBase"]
[SourceDate "2018.10.10"]
[SourceVersion "1"]
[SourceVersionDate "2018.10.10"]
[SourceQuality "1"]
[WhiteTeam "Schweinfurt"]
[BlackTeam "Kareth Lappersdorf"]
[WhiteTeamCountry "GER"]
[BlackTeamCountry "GER"]

1. e4 Nf6 2. e5 Nd5 3. d4 d6 4. Nf3 dxe5 5. Nxe5 g6 6. Be2 Bg7 7. 0-0 0-0 8. c4 Nf6 9. Nc3 c6 10. Bg5 Nbd7 11. Nf3 h6 12. Bf4 a6 13. Qd2 g5 14. Be3 Ng4 15. Rad1 Qc7 16. Rfe1 b5 17. b3 b4 18. Na4 a5 19. h3 Nxe3 20. Qxe3 Re8 21. Bd3 Nf6 22. Ne5 Nd7 23. Qe4 Nxe5 24. dxe5 Bd7 25. Nc5 f5 26. Qf3 Rf8 27. e6 Be8 28. Bxf5 Rd8 29. Qe4 Bc3 30. Rf1 Kg7 31. g4 h5 32. Qe3 Bf6 33. Ne4 Rxd1 34. Rxd1 hxg4 35. Nxf6 Kxf6 36. hxg4 Qf4 37. Qh3 1-0

[Event "Oberliga Bayern 1314"]
[Site "Bayern"]
[Date "2014.02.23"]
[Round "7.5"]
[White "Grabert, Ralf"]
[Black "Quast, Michael"]
[Result "0-1"]
[WhiteElo "2254"]
[BlackElo "2294"]
[PlyCount "144"]
[EventDate "2013.10.13"]
[EventType "team-tourn"]
[EventRounds "9"]
[EventCountry "GER"]
[SourceTitle "EXT 2015"]
[Source "ChessBase"]
[SourceDate "2014.11.20"]
[SourceVersion "1"]
[SourceVersionDate "2014.11.20"]
[SourceQuality "1"]
[WhiteTeam "Kareth Lappersdorf"]
[BlackTeam "Neutraubling Wacker"]
[WhiteTeamCountry "GER"]
[BlackTeamCountry "GER"]

1. d4 Nf6 2. Nf3 d6 3. g3 g6 4. Bg2 Bg7 5. 0-0 0-0 6. b3 c6 7. Bb2 Nbd7 8. a4 Re8 9. Na3 d5 10. c4 Ne4 11. Qc1 a6 12. b4 Nb6 13. a5 Nxc4 14. Nxc4 dxc4 15. Qxc4 Bf5 16. Rfd1 Rc8 17. Ne5 Nd6 18. Qc1 Qc7 19. Qf4 f6 20. Nd3 Bxd3 21. Rxd3 Nc4 22. Qxc7 Rxc7 23. Bc3 e6 24. e4 Rd8 25. Rad1 Nd6 26. f4 f5 27. exf5 gxf5 28. Re1 Re8 29. Bf3 Nb5 30. Bb2 Rd7 31. g4 Bxd4+ 32. Kg2 Rd6 33. Bxd4 Rxd4 34. Rde3 fxg4 35. Bxg4 Nc7 36. Kg3 Rf8 37. Re4 Rxe4 38. Rxe4 Rf6 39. Re1 Kf7 40. Rd1 Ke7 41. Re1 Kd6 42. Rd1+ Nd5 43. h4 Ke7 44. Rd4 Ne3 45. Re4 Nxg4 46. Kxg4 Rf5 47. h5 Kf6 48. h6 Rd5 49. Rc4 Rd1 50. Rc5 Rg1+ 51. Kf3 Rh1 52. b5 cxb5 53. Rc7 Rxh6 54. Rxb7 Rh3+ 55. Ke4 Ra3 56. Rxh7 Ra4+ 57. Ke3 Rxa5 58. Rh6+ Kf7 59. Kd4 Ra1 60. Rh8 a5 61. Rb8 Rd1+ 62. Ke5 Rd5+ 63. Ke4 a4 64. Ra8 Kf6 65. Ra6 Rc5 66. Ra5 Rc4+ 67. Kd3 Rb4 68. Kc3 Rb3+ 69. Kd4 Kf5 70. Ra6 a3 71. Kc5 b4 72. Kc4 Rb2 0-1

[Event "Oberliga Bayern 1314"]
[Site "Bayern"]
[Date "2014.02.09"]
[Round "6.6"]
[White "Grabert, Ralf"]
[Black "Taggatz, Mario"]
[Result "0-1"]
[WhiteElo "2254"]
[BlackElo "2284"]
[PlyCount "84"]
[EventDate "2013.10.13"]
[EventType "team-tourn"]
[EventRounds "9"]
[EventCountry "GER"]
[SourceTitle "EXT 2015"]
[Source "ChessBase"]
[SourceDate "2014.11.20"]
[SourceVersion "1"]
[SourceVersionDate "2014.11.20"]
[SourceQuality "1"]
[WhiteTeam "Kareth Lappersdorf"]
[BlackTeam "Groebenzell"]
[WhiteTeamCountry "GER"]
[BlackTeamCountry "GER"]

1. Nf3 d5 2. e3 Nf6 3. c4 e6 4. b3 Be7 5. Bb2 0-0 6. d4 c5 7. Bd3 b6 8. 0-0 Bb7 9. Nc3 Nbd7 10. Rc1 Rc8 11. Re1 Ne4 12. Qe2 Bf6 13. cxd5 exd5 14. Ba6 Nxc3 15. Bxc3 Bxa6 16. Qxa6 Rc7 17. Red1 Qc8 18. Qf1 c4 19. Bb4 Re8 20. bxc4 Rxc4 21. Nd2 Rc6 22. Rxc6 Qxc6 23. Rc1 Qa4 24. a3 h6 25. Qd3 Nf8 26. h3 Ne6 27. Nb1 a5 28. Bd6 Qd7 29. Bg3 Be7 30. Rc3 b5 31. Kh2 b4 32. axb4 Bxb4 33. Rc2 Rc8 34. Nc3 Qc6 35. f3 Qc4 36. Qxc4 Rxc4 37. Be1 Nc7 38. e4 Nb5 39. Nxb5 Rxc2 40. Bxb4 axb4 41. exd5 Kf8 42. d6 Ke8 0-1

[Event "Oberliga Bayern 1314"]
[Site "Bayern"]
[Date "2013.12.15"]
[Round "4.5"]
[White "Lavrinenkov, Vadim"]
[Black "Grabert, Ralf"]
[Result "1-0"]
[WhiteElo "2123"]
[BlackElo "2254"]
[PlyCount "81"]
[EventDate "2013.10.13"]
[EventType "team-tourn"]
[EventRounds "9"]
[EventCountry "GER"]
[SourceTitle "EXT 2015"]
[Source "ChessBase"]
[SourceDate "2014.11.20"]
[SourceVersion "1"]
[SourceVersionDate "2014.11.20"]
[SourceQuality "1"]
[WhiteTeam "Kriegshaber"]
[BlackTeam "Kareth Lappersdorf"]
[WhiteTeamCountry "GER"]
[BlackTeamCountry "GER"]

1. d4 Nf6 2. Nf3 c5 3. d5 g6 4. Nc3 Bg7 5. e4 d6 6. Bb5+ Bd7 7. a4 0-0 8. 0-0 Na6 9. Bxa6 bxa6 10. Qd3 Qc8 11. Nd2 Rb8 12. h3 Nh5 13. Nc4 Rb4 14. Bg5 f6 15. Bd2 f5 16. b3 Rf7 17. Rae1 f4 18. Qf3 Qc7 19. Ne2 Rb8 20. Ba5 Qc8 21. Bc3 Qc7 22. Rd1 Rbf8 23. Rfe1 Bxc3 24. Nxc3 Rg7 25. e5 Bf5 26. Rd2 Qb8 27. Rde2 h6 28. Na5 dxe5 29. Nc6 Qd6 30. Rxe5 Bxc2 31. Re6 Qc7 32. Rxe7 Qb6 33. d6 Qxb3 34. d7 Qb6 35. Qd5+ Kh7 36. Rxg7+ Nxg7 37. d8Q Rxd8 38. Nxd8 Qf6 39. Ne4 Bxe4 40. Rxe4 f3 41. Ne6 1-0

[Event "Oberliga Bayern 1314"]
[Site "Bayern"]
[Date "2013.11.10"]
[Round "2.5"]
[White "Grabert, Ralf"]
[Black "Schubert, Dieter"]
[Result "1-0"]
[WhiteElo "2254"]
[BlackElo "2017"]
[PlyCount "85"]
[EventDate "2013.10.13"]
[EventType "team-tourn"]
[EventRounds "9"]
[EventCountry "GER"]
[SourceTitle "EXT 2015"]
[Source "ChessBase"]
[SourceDate "2014.11.20"]
[SourceVersion "1"]
[SourceVersionDate "2014.11.20"]
[SourceQuality "1"]
[WhiteTeam "Kareth Lappersdorf"]
[BlackTeam "Puschendorf"]
[WhiteTeamCountry "GER"]
[BlackTeamCountry "GER"]

1. Nf3 Nf6 2. d4 e6 3. e3 c5 4. Bd3 Be7 5. 0-0 0-0 6. c4 cxd4 7. exd4 d6 8. Nc3 b6 9. Re1 Bb7 10. b3 Nbd7 11. Bb2 Re8 12. Bc2 Nf8 13. Qd3 Rc8 14. Rad1 d5 15. Ne5 Bd6 16. Qh3 a6 17. Re3 N6d7 18. cxd5 Bxd5 19. Nxd7 Qxd7 20. Nxd5 Rxc2 21. Nxb6 Qc6 22. Nc4 Rxb2 23. d5 Qc7 24. Nxb2 Qc2 25. dxe6 Nxe6 26. Rxd6 Qxb2 27. Rd1 Qxa2 28. Qf3 h6 29. h4 Qc2 30. g3 Rb8 31. Rd7 Qg6 32. Kh2 Rb5 33. Ra7 Rf5 34. Qa8+ Kh7 35. Rf3 Nc5 36. b4 Nd3 37. Qe4 Rxf3 38. Qxf3 Nxb4 39. Qxf7 Qg4 40. Ra8 h5 41. Re8 Nd3 42. Qg8+ Kh6 43. Re6+ 1-0

[Event "Bayern-chI Bank Hofmann 13th"]
[Site "Bad Wiessee"]
[Date "2009.11.02"]
[Round "4"]
[White "Grabert, Ralf"]
[Black "Fischer, G1111"]
[Result "1-0"]
[WhiteElo "2260"]
[BlackElo "2122"]
[PlyCount "86"]
[EventDate "2009.10.31"]
[EventType "swiss"]
[EventRounds "9"]
[EventCountry "GER"]
[SourceTitle "EXT 2010"]
[Source "ChessBase"]
[SourceDate "2010.11.25"]
[SourceVersion "1"]
[SourceVersionDate "2010.11.25"]
[SourceQuality "1"]

1. e4 c5 2. Nc3 d6 3. Nf3 Nc6 4. d4 cxd4 5. Nxd4 e5 6. Ndb5 a6 7. Na3 Be6 8. Nc4 Nf6 9. Bg5 Be7 10. Bxf6 gxf6 11. Ne3 Qa5 12. Bd3 0-0-0 13. 0-0 Rdg8 14. Ncd5 Bf8 15. c3 Ne7 16. b4 Qd8 17. Nxf6 Rg6 18. Qf3 h5 19. Kh1 Bh6 20. Nfd5 Bg4 21. Qxf7 Nxd5 22. Nxd5 Rg7 23. Qf6 Qxf6 24. Nxf6 Bf4 25. h3 Be6 26. Be2 Bf7 27. a4 Bg6 28. Bf3 Bg5 29. Nd5 Kb8 30. Rfd1 Rc8 31. Rd3 Rc4 32. Re1 Bd8 33. a5 Ka7 34. Nb6 Bxb6 35. axb6+ Kxb6 36. Rxd6+ Kc7 37. Re6 Rxc3 38. Rxe5 Rd7 39. Bxh5 Bxh5 40. Rxh5 Rd2 41. Kg1 Kb6 42. e5 Rcc2 43. Rf5 Rd7 1-0

[Event "Regionalliga NO 0910"]
[Site "Bayern"]
[Date "2009.10.18"]
[Round "1.2"]
[White "Grabert, Ralf"]
[Black "Adler, Herbert"]
[Result "1-0"]
[WhiteElo "2183"]
[BlackElo "1777"]
[PlyCount "67"]
[EventDate "2009.10.18"]
[EventType "team-tourn"]
[EventRounds "9"]
[EventCountry "GER"]
[SourceTitle "EXT 2011"]
[Source "ChessBase"]
[SourceDate "2010.11.26"]
[SourceVersion "1"]
[SourceVersionDate "2010.11.26"]
[SourceQuality "1"]
[WhiteTeam "Kareth Lappersdorf"]
[BlackTeam "Buechenbach/Roth"]
[WhiteTeamCountry "GER"]
[BlackTeamCountry "GER"]

1. d4 d5 2. Nf3 c6 3. c4 Nf6 4. Qc2 e6 5. e3 Nbd7 6. Nc3 Bd6 7. Bd3 0-0 8. 0-0 e5 9. dxe5 Nxe5 10. Nxe5 Bxe5 11. f4 Bd6 12. Bd2 Re8 13. Rae1 dxc4 14. Bxc4 b5 15. Bd3 Qb6 16. Ne4 Nxe4 17. Bxe4 Bb7 18. Bxh7+ Kf8 19. Bf5 c5 20. e4 c4+ 21. Kh1 Bc5 22. Bg4 a5 23. e5 Bd4 24. Bc3 Bxc3 25. bxc3 Bd5 26. f5 b4 27. f6 gxf6 28. Qd2 f5 29. Qxd5 Red8 30. Qxc4 Rac8 31. Qf4 bxc3 32. Bxf5 Rd4 33. Qe3 Rc7 34. e6 1-0

[Event "Regionalliga NO 0809"]
[Site "Bayern"]
[Date "2009.03.15"]
[Round "8.2"]
[White "Grabert, Ralf"]
[Black "Bauer, Andreas"]
[Result "1-0"]
[WhiteElo "2192"]
[BlackElo "2125"]
[PlyCount "131"]
[EventDate "2008.10.05"]
[EventType "team-tourn"]
[EventRounds "9"]
[EventCountry "GER"]
[SourceTitle "EXT 2020"]
[Source "ChessBase"]
[SourceDate "2019.10.17"]
[SourceVersion "1"]
[SourceVersionDate "2019.10.17"]
[SourceQuality "1"]
[WhiteTeam "Kareth Lappersdorf"]
[BlackTeam "Postbauer"]
[WhiteTeamCountry "GER"]
[BlackTeamCountry "GER"]

1. e3 Nf6 2. c4 g6 3. d4 Bg7 4. Nf3 0-0 5. Nc3 d6 6. b3 e5 7. dxe5 Ng4 8. Be2 Nxe5 9. Bb2 Nbc6 10. 0-0 Nxf3+ 11. Bxf3 Be6 12. Qd2 Rb8 13. Rad1 Ne5 14. Bd5 Nd7 15. f4 Bxd5 16. Nxd5 Bxb2 17. Qxb2 f5 18. Qd4 b6 19. e4 fxe4 20. Qxe4 Nf6 21. Qe6+ Kg7 22. Rde1 Nxd5 23. Qxd5 Qd7 24. f5 Rxf5 25. Rxf5 gxf5 26. Qd4+ Kg6 27. Re3 f4 28. Qxf4 Qf5 29. Rg3+ Kf6 30. Qh4+ Ke6 31. Qh6+ Kd7 32. Rg7+ Kc6 33. Qxh7 Qc5+ 34. Kh1 Kb7 35. Qe4+ Ka6 36. h4 Rf8 37. Rg5 Rf1+ 38. Kh2 Qg1+ 39. Kh3 Re1 40. Qf4 Re3+ 41. Rg3 Qh1+ 42. Kg4 Re2 43. Qf3 Rxa2 44. b4 Qb1 45. b5+ Ka5 46. Qc3+ Qb4 47. Kh3 Qxc3 48. Rxc3 Kb4 49. Rc1 a6 50. bxa6 Rxa6 51. h5 Ra8 52. g4 c6 53. g5 d5 54. cxd5 cxd5 55. g6 Rg8 56. Kg4 d4 57. Kg5 d3 58. h6 d2 59. Rd1 Kc3 60. h7 Rc8 61. g7 Kc2 62. Rxd2+ Kxd2 63. g8Q Rxg8+ 64. hxg8Q b5 65. Qb3 b4 66. Qxb4+ 1-0

[Event "Regionalliga NO 0708"]
[Site "Bayern"]
[Date "2007.12.09"]
[Round "4.2"]
[White "Grabert, Ralf"]
[Black "Kalous, Miroslav"]
[Result "1-0"]
[WhiteElo "2204"]
[BlackElo "2076"]
[PlyCount "155"]
[EventDate "2007.10.21"]
[EventType "team-tourn"]
[EventRounds "9"]
[EventCountry "GER"]
[SourceTitle "EXT 2009"]
[Source "ChessBase"]
[SourceDate "2008.11.26"]
[SourceVersion "1"]
[SourceVersionDate "2008.11.26"]
[SourceQuality "1"]
[WhiteTeam "Kareth Lappersdorf"]
[BlackTeam "Windischeschenbach"]
[WhiteTeamCountry "GER"]
[BlackTeamCountry "GER"]

1. d4 Nf6 2. Nf3 e6 3. e3 c5 4. Bd3 Nc6 5. 0-0 b6 6. c4 Bb7 7. Nc3 d6 8. d5 Nb4 9. Be2 Be7 10. a3 Na6 11. e4 e5 12. Ne1 0-0 13. f4 exf4 14. Bxf4 Nd7 15. Nd3 Nc7 16. Qe1 f6 17. Qg3 Ne5 18. Bh6 Ne8 19. Nxe5 dxe5 20. Bh5 Kh8 21. Bxe8 gxh6 22. Bh5 Rg8 23. Qf3 Rg5 24. g4 Qd7 25. h3 Rag8 26. Kh2 Bd8 27. Rg1 Bc8 28. Rad1 a6 29. a4 Qb7 30. b3 Qa7 31. Qe3 Qb7 32. Qe2 Bd7 33. Qe3 Bc8 34. Rdf1 Qb8 35. Bf7 Rf8 36. Bh5 Rfg8 37. Rd1 Qb7 38. Qf2 Qc7 39. Qf3 Qb7 40. Qe3 Qc7 41. Nb1 Qb7 42. Nd2 Qd7 43. Rdf1 Be7 44. h4 Rxg4 45. Bxg4 Rxg4 46. Rxg4 Qxg4 47. Qg3 Qxg3+ 48. Kxg3 Kg7 49. h5 Bd7 50. Nf3 f5 51. exf5 Bd6 52. Nd2 e4+ 53. Kf2 Bxf5 54. Ke3 Bh3 55. Rh1 Bd7 56. Nxe4 Be5 57. Rf1 Bd4+ 58. Kd3 b5 59. axb5 axb5 60. Nd6 Bh3 61. Rf3 bxc4+ 62. Kxc4 Be5 63. Kxc5 Bg4 64. Re3 Bh2 65. Re7+ Kf6 66. Rxh7 Bf4 67. Rf7+ Ke5 68. Nc4+ Ke4 69. Re7+ Kd3 70. d6 Bxd6+ 71. Nxd6 Bxh5 72. Rh7 Bd1 73. b4 h5 74. b5 Ke3 75. b6 Bf3 76. Rxh5 Kf2 77. Rf5 Kg3 78. Rxf3+ 1-0

[Event "Regionalliga NO 0607"]
[Site "Bayern"]
[Date "2007.02.25"]
[Round "6.2"]
[White "Grabert, Ralf"]
[Black "Saathoff, Richard"]
[Result "1-0"]
[WhiteElo "2175"]
[BlackElo "2102"]
[PlyCount "77"]
[EventDate "2006.10.15"]
[EventType "team-tourn"]
[EventRounds "9"]
[EventCountry "GER"]
[SourceTitle "EXT 2008"]
[Source "ChessBase"]
[SourceDate "2007.11.25"]
[SourceVersion "1"]
[SourceVersionDate "2007.11.25"]
[SourceQuality "1"]
[WhiteTeam "Kareth Lappersdorf"]
[BlackTeam "Nuernberg Sued SW"]
[WhiteTeamCountry "GER"]
[BlackTeamCountry "GER"]

1. d4 Nf6 2. Nf3 g6 3. g3 Bg7 4. Bg2 0-0 5. 0-0 d6 6. b3 c5 7. c4 d5 8. Bb2 dxc4 9. Na3 c3 10. Bxc3 Nc6 11. dxc5 Ne4 12. Bxg7 Kxg7 13. b4 Qxd1 14. Rfxd1 f5 15. Nc2 a5 16. Nfd4 Nxd4 17. Rxd4 axb4 18. Bxe4 fxe4 19. Nxb4 Bf5 20. c6 e5 21. Rc4 bxc6 22. Nxc6 Kf6 23. Nb4 Rfd8 24. a3 Rd2 25. Kf1 Rad8 26. Ke1 e3 27. fxe3 h5 28. e4 Bg4 29. Nd5+ R8xd5 30. exd5 Rxe2+ 31. Kf1 Rxh2 32. Kg1 Rd2 33. a4 Rxd5 34. a5 Bf3 35. Kf2 e4 36. a6 Rd2+ 37. Kf1 Be2+ 38. Ke1 Bxc4 39. Kxd2 1-0